The greatest secret in the world; (Record no. 275)

MARC details
000 -LEADER
fixed length control field 00649cam a2200217 4500
005 - DATE AND TIME OF LATEST TRANSACTION
control field 20260322212013.0
008 - FIXED-LENGTH DATA ELEMENTS--GENERAL INFORMATION
fixed length control field data
010 ## - LIBRARY OF CONGRESS CONTROL NUMBER
LC control number 79175423
020 ## - INTERNATIONAL STANDARD BOOK NUMBER
International Standard Book Number 9780553280388
040 ## - CATALOGING SOURCE
Original cataloging agency DLC
Transcribing agency DLC
Modifying agency DLC
050 00 - LIBRARY OF CONGRESS CALL NUMBER
Classification number HF5386
Item number .M302
082 00 - DEWEY DECIMAL CLASSIFICATION NUMBER
Classification number 158/.1
092 ## - LOCALLY ASSIGNED DEWEY CALL NUMBER (OCLC)
Classification number 158.1 M302 1972
001 - CONTROL NUMBER
control field data
100 1# - MAIN ENTRY--PERSONAL NAME
Personal name Mandino, Og.
245 14 - TITLE STATEMENT
Title The greatest secret in the world;
Remainder of title featuring your own success recorder diary with the ten great scrolls for success from The greatest salesman in the world.
Statement of responsibility, etc. Og Mandino.
260 ## - PUBLICATION, DISTRIBUTION, ETC.
Place of publication, distribution, etc. New York,
Name of publisher, distributor, etc. Bantam Books,
Date of publication, distribution, etc. [1972]
300 ## - PHYSICAL DESCRIPTION
Extent 163 p.
Dimensions 22 cm.
350 ## - PRICE (NR) (BK AM CF MU VM SE) [OBSOLETE]
Price {dollar}4.95
650 #0 - SUBJECT ADDED ENTRY--TOPICAL TERM
Topical term or geographic name entry element Success in business.
Holdings
Withdrawn status Lost status Damaged status Not for loan Home library Current library Shelving location Date acquired Total checkouts Full call number Barcode Date last seen Price effective from Koha item type
        Springfield Springfield General stacks 22/03/2026   158/.1 BC0010284 22/03/2026 22/03/2026 Books